00738cam a2200193 a 450000100100000000500170001000800410002704000250006808200140009310000400010724500480014726000830019530000200027865000310029865000340032965000460036395201180040999900170052700001802020200929165323.0820309s1979 ho 000 p spa d aDO-SdBNPbspacBNPHU axxbA729h1 aArmijo, Roberto,d1937-1997.93906910aHomenajes y otros poemas /cRoberto Armijo. aTegucigalpa, Honduras :bUniversidad Nacional Autónoma de Honduras,c[1979]. a88 p. :b21 cm. 4aProsa salvadoreña939070 4aPoesía salvadoreña912306 4aLiteratura salvadoreñaySIGLO XX914369 001054708MOaGRbGRcCTd2010-04-09iLF1l0oxx A729hp18020-10r2020-06-25w2020-06-25y4ZPréstamo en sala c17542d17542